000 00229nam a2200097Ia 4500
005 20251222114414.0
008 251222s1900||||xx |||||||||||||| ||spa||
082 _aDVD0070/A76/2008
245 4 _aThe Wrestler:El luchador
942 _cDVD
999 _c2159
_d2159